000 00258nam a2200121Ia 4500
100 _aKodagali/Sushma P
650 _aVLSI
942 _cBK
245 _aAdvanced VLSI Design Sem Viii
260 _bC.Jamnadas and Co
_c2014
546 _aENGLISH
999 _c22812
_d22812